LEADER 00599nam 2200169z- 450 001 9910773308903321 035 $a(WsH)locafsk 035 $a(CKB)5490000000493751 035 $a(EXLCZ)995490000000493751 100 $a20230719c2000uuuu -u- - 101 0 $aeng 200 00$aForeign Law Brief: Israel: Campaign Finance Regulation of Advocacy Activities by Non Profit Organizations 517 $aForeign Law Brief 906 $aBOOK 912 $a9910773308903321 996 $aForeign Law Brief: Israel: Campaign Finance Regulation of Advocacy Activities by Non Profit Organizations$93661412 997 $aUNINA